| 000 | 00435nam a2200157Ia 4500 | ||
|---|---|---|---|
| 008 | 210210b1989 xxu||||| |||| 00| 0 eng d | ||
| 020 | _a81 7040 000 7 | ||
| 082 | _a338 CHEI | ||
| 100 | _aCHERUNILAM (Francis). | ||
| 245 | _aIndustrial economics: Indian perspective. | ||
| 260 |
_aDelhi _bHimalaya Publishing House _c1989 |
||
| 300 | _a486 | ||
| 650 | _aIndian industrial economy | ||
| 690 | _aIndustrial Economics | ||
| 906 | _a046338 | ||
| 999 |
_c95377 _d95377 |
||